banner koha

Timbos e rotenona, uma riqueza nacional inexplorada [Brasil] (Registro n. 265222)

MARC details
000 -LÍDER
campo de controle de tamanho fixo 00970nac a22003017a 4500
001 - NÚMERO DE CONTROLE
campo de controle BR7375395
003 - IDENTIFICADOR DO NÚMERO DE CONTROLE
campo de controle BR-BrBNA
005 - DATA E HORÁRIO DA ÚLTIMA TRANSAÇÃO
campo de controle 20250211140057.0
008 - CAMPO DE DADOS FIXOS--INFORMAÇÃO GERAL
campo de controle de tamanho fixo 230509b bl.|||m| |||| 00| 0 por d
040 ## - FONTE DA CATALOGAÇÃO
Instituição da catalogação original BR-BrBNA
Idioma da catalogação por
Instituição que transcreveu o registro Biblioteca Nacional de Agricultura
072 ## - CÓDIGO DE CATEGORIA DE ASSUNTO
Código de Categoria de Assunto H00; F70
090 ## - NÚMERO DE CHAMADA LOCAL
Número de chamada 2890 BR7375395
100 1# - ENTRADA PRINCIPAL--NOME PESSOAL
Nome pessoal Caminha Filho, A.
110 1# - ENTRADA PRINCIPAL--NOME CORPORATIVO
Nome corporativo ou nome da jurisdição Conselho Florestal Federal, Rio de Janeiro, GB (Brasil);
9 (RLIN) 2642
110 1# - ENTRADA PRINCIPAL--NOME CORPORATIVO
Nome corporativo ou nome da jurisdição Servico de Informacao Agricola, Rio de Janeiro, GB (Brasil)
245 1# - TÍTULO
Título Timbos e rotenona, uma riqueza nacional inexplorada [Brasil]
250 1# - EDIÇÃO
Edição 2. ed.
260 3# - PUBLICAÇÃO, DISTRIBUIÇÃO, ETC.
Local de publicação, distribuição, etc. Rio de Janeiro, GB (Brasil):
Data da publicação, distribuição, etc. 1940.
300 ## - DESCRIÇÃO FÍSICA
Extensão 14 p.
490 ## - TÍTULO DA SÉRIE
Título da série SIA (Brazil)
Número do volume ou designação sequencial da série no. 161
650 ## - ASSUNTO--TERMO TÓPICO
Cabeçalho tópico ou nome geográfico Defesa vegetal
650 ## - ASSUNTO--TERMO TÓPICO
Cabeçalho tópico ou nome geográfico Taxonomia vegetal
650 ## - ASSUNTO--TERMO TÓPICO
Cabeçalho tópico ou nome geográfico Timbo
650 ## - ASSUNTO--TERMO TÓPICO
Cabeçalho tópico ou nome geográfico Inseticida
650 ## - ASSUNTO--TERMO TÓPICO
Cabeçalho tópico ou nome geográfico Rotenona
856 ## - LOCALIZAÇÃO ELETRÔNICA E ACESSO
Uniform Resource Identifier <a href="https://repositorio-dspace.agricultura.gov.br/bitstream/1/5909/1/1940%20SIA%20161.pdf">https://repositorio-dspace.agricultura.gov.br/bitstream/1/5909/1/1940%20SIA%20161.pdf</a>
942 ## - ELEMENTOS DE ENTRADA ADICIONADOS (KOHA)
Fonte da classificação ou esquema de arquivamento na estante Classificação AGRIS
Ocultar no OPAC Não
Tipo de material Koha Monografia Seriada
Exemplares
Situação do descarte Fonte da classificação ou esquema de arquivamento na estante Situação física Não pode ser emprestado Coleção Biblioteca de origem Biblioteca atual Localização na estante Total de empréstimos Número de telefone completo Código de barras Data de último acesso Tipo de material Koha Fonte de aquisição
  Classificação AGRIS       Biblioteca Nacional de Agricultura - Binagri Biblioteca Nacional de Agricultura - Binagri Agrobase - Acervo Geral   2890 BR7375395 2890 BR7375395 18/12/2023 Monografia Seriada Portaria Interministerial nº 164/94

BINAGRI

Telefone: (61)3218-2567/2388/3357/2097 - binagri@agro.gov.br

Ministério da Agricultura e Pecuária , Esplanada dos Ministérios, Bloco D, Anexo B, Brasília/DF, CEP: 70.043-900